00253nam a2200121Ia 45000030006000000080041000060400015000471000017000622450014000792600009000935460012001020050017001140STCL150530s9999 xx 000 0 und d aSTCLcSTCL aPorter, E.H. aPollyanna c1997 aEnglish20220125170649.0